000 00727nam a2200229Ia 4500
005 20241129105750.0
008 241129s9999||||xx |||||||||||||| ||und||
020 _a978-0-367-43172-3
037 _aTB
040 _aARTS
_beng
_cARTS
041 _aeng
_2eng
084 _aP:(Y7) R1
_qARTS
100 _aDanesi Marcei Au.
_9724645
245 0 _aLinguistic relativity today: language, mind, society, and the foundations of linguistic anthropology
_cDanesi Marcei Au.
260 _aUSA
_bRoutledge
_c2021
300 _ax,159p.
365 _aUKP
_b34.99
490 _aRoutledge foundations in lingustic anthropology
650 _aLinguisticsSociology
_9726363
942 _cTB
_hP:(Y7) R1
999 _c1225834
_d1225834